000
00363nam a2200133Ia 4500
008
100328s9999 xx 000 0 und d
082
_b
6985
100
_a
ताम्हनकर ना.धो.
245
_a
माईची माया
260
_b
---
630
_a
माईची माया
730
_a
माईची माया
942
_c
BOOK
999
_c
502842
_d
502839